ბათუმის შოთა რუსთაველის სახელმწიფო უნივერსიტეტის ბიბლიოთეკა

ქართული სამართლის ძეგლები. 1.ხელმწიფის კარის გარიგება. 2.დასტურლამალი.=Памятники Грузинского права. 1.Распорядок царского двора. 2.Дастурламали. (ბიბ.ჩანაწერი № 45559)

000 -LEADER
fixed length control field 01527nam a2200205Ia 4500
001 - CONTROL NUMBER
control field 12385
003 - CONTROL NUMBER IDENTIFIER
control field GE_BSU
008 - FIXED-LENGTH DATA ELEMENTS--GENERAL INFORMATION
fixed length control field 181216s||||||||xx |||||||||||||| ||und||
040 ## - CATALOGING SOURCE
Transcribing agency GE_BSU
080 ## - UNIVERSAL DECIMAL CLASSIFICATION NUMBER
Universal Decimal Classification number 34(479.22)(093)
245 ## - TITLE STATEMENT
Title ქართული სამართლის ძეგლები. 1.ხელმწიფის კარის გარიგება. 2.დასტურლამალი.=Памятники Грузинского права. 1.Распорядок царского двора. 2.Дастурламали.
245 ## - TITLE STATEMENT
Statement of responsibility, etc. ტექსტები გამოსაცემად მოამზადა,გამოკვლევები,ლექსიკონი და საძიებელი დაურთო ი.სურგულაძემ; რედ:შოთა მესხია; მხატვ:ვლადიმერ გრიგოლია.
260 ## - PUBLICATION, DISTRIBUTION, ETC.
Place of publication, distribution, etc. თბილისი.
260 ## - PUBLICATION, DISTRIBUTION, ETC.
Name of publisher, distributor, etc. საბჭოთა საქართველო.
260 ## - PUBLICATION, DISTRIBUTION, ETC.
Date of publication, distribution, etc. 1970
300 ## - PHYSICAL DESCRIPTION
Extent 899გვ;26სმ.
300 ## - PHYSICAL DESCRIPTION
Other physical details ლექსიკონი გვ:841-872; საძიებლები გვ:871-998.
653 ## - INDEX TERM--UNCONTROLLED
Uncontrolled term ქართული სამართლის ძეგლები. 1.ხელმწიფის კარის გარიგება. 2.დასტურლამალი.=Памятники Грузинского права. 1.Распорядок царского двора. 2.Дастурламали.
942 ## - ADDED ENTRY ELEMENTS (KOHA)
Koha item type წიგნი
ეგზემპლარები
Withdrawn status Lost status Damaged status Not for loan Date acquired Barcode Date last seen Price effective from Koha item type
        2018-12-17 20633 2018-12-17 2018-12-17 წიგნი
        2018-12-17 20632 2018-12-17 2018-12-17 წიგნი